000 00704cab a2200229 4500
001 WB3420-21
008 090401t1998 xxu||||| |||| 00| 0 eng d
035 _a(Sirsi) u86418
041 _aeng
245 _aHigh rise home block
260 _c1998
350 _a0
490 _aSunday Times
_v24 May 1998, 4.1(1)
520 _aMortgage lenders` policy not to lend on flats over four storeys high are presenting problems for homebuyers who participated in the Conservative `right to buy` scheme on council property.
650 _aCOUNCIL FLATS
650 _aHIGH RISE FLATS
650 _aMORTGAGE LENDERS
650 _aRIGHT TO BUY
690 _aHOUSING
942 _n0
948 _c27/05/1998
999 _c54385
_d54385